| 000 | 00797cab a2200241 4500 | ||
|---|---|---|---|
| 001 | WB3415-27 | ||
| 008 | 090401t1998 xxu||||| |||| 00| 0 eng d | ||
| 035 | _a(Sirsi) u85769 | ||
| 041 | _aeng | ||
| 245 | _aBrownfield site funding | ||
| 260 | _c1998 | ||
| 350 | _a0 | ||
| 490 |
_aWestern Morning News _v18 April 1998, 7(2) |
||
| 490 |
_aFinancial Times _v23 April 1998, 8 |
||
| 520 | _aPublic funding should be used to develop brownfield sites, for the projected four million homes to be built by 2016, according to the President of the Council for the Protection of Rural England. | ||
| 650 | _aBROWNFIELD SITES | ||
| 650 | _aCOUNCIL FOR THE PROTECTION OF RURAL ENGLAND | ||
| 650 | _aHOUSING | ||
| 650 | _aPUBLIC FUNDING | ||
| 690 | _aHOUSING | ||
| 942 | _n0 | ||
| 948 | _c23/04/1998 | ||
| 999 |
_c53951 _d53951 |
||